[Event "Krakow Malopolska-ch"]
[Site "Krakow"]
[Date "2021.06.05"]
[Round "5"]
[White "Lewtak, Damian"]
[Black "Matuszewski, Michal"]
[Result "1-0"]
[WhiteElo "2380"]
[BlackElo "2494"]
[PlyCount "75"]
[EventDate "2021.06.03"]
[EventType "swiss"]
[EventRounds "7"]
[EventCountry "POL"]
[SourceTitle "CBM 202 Extra"]
[Source "ChessBase"]
[SourceDate "2021.07.31"]
[SourceVersion "1"]
[SourceVersionDate "2021.07.31"]
[SourceQuality "1"]

1. d4 Nf6 2. Nf3 e6 3. c3 b6 4. Bf4 Bb7 5. h3 c5 6. e3 Be7 7. Nbd2 0-0 8. Bd3 d6 9. Qe2 Nc6 10. a3 Re8 11. e4 cxd4 12. cxd4 e5 13. dxe5 dxe5 14. Bh2 Nd4 15. Nxd4 exd4 16. 0-0 a5 17. Bb5 Nd7 18. e5 Bc5 19. Rfe1 Re6 20. Bd3 a4 21. Rad1 Qe7 22. f4 Re8 23. Ne4 g6 24. Bg3 Kg7 25. Kh2 h6 26. Bb5 Ra8 27. Bc4 f5 28. Nd2 Nf8 29. Nf3 Rd8 30. Qf2 d3 31. Qf1 Bxf3 32. Qxf3 d2 33. Re2 Rd4 34. Bxe6 Nxe6 35. Rexd2 Qd7 36. Rxd4 Nxd4 37. Qd3 Qc6 38. Bf2 1-0

[Event "Krakow Malopolska-ch"]
[Site "Krakow"]
[Date "2021.06.03"]
[Round "1"]
[White "Suder, Jakub"]
[Black "Matuszewski, Michal"]
[Result "1-0"]
[WhiteElo "2164"]
[BlackElo "2494"]
[PlyCount "113"]
[EventDate "2021.06.03"]
[EventType "swiss"]
[EventRounds "7"]
[EventCountry "POL"]
[SourceTitle "CBM 202 Extra"]
[Source "ChessBase"]
[SourceDate "2021.07.31"]
[SourceVersion "1"]
[SourceVersionDate "2021.07.31"]
[SourceQuality "1"]

1. d4 d5 2. c4 c6 3. cxd5 cxd5 4. Bg5 Nc6 5. Nc3 a6 6. e3 h6 7. Bh4 Nf6 8. Bxf6 gxf6 9. Rc1 e6 10. Bd3 f5 11. f4 Bd7 12. Nf3 b5 13. Kf2 Bd6 14. h3 Rg8 15. Qd2 Qf6 16. Rcg1 h5 17. Ne2 Rc8 18. a3 Qe7 19. h4 f6 20. Ng3 Qg7 21. Nxh5 Qh6 22. Ng3 Rg4 23. Be2 Ke7 24. Ne1 Rg7 25. Bf3 e5 26. Nh5 Rg4 27. Nxf6 Qxf6 28. dxe5 Nxe5 29. fxe5 Qxe5 30. Bxg4 fxg4 31. Qd4 Qf5+ 32. Ke2 b4 33. e4 Bb5+ 34. Kd1 Qf4 35. Qg7+ Ke8 36. Qg8+ Kd7 37. Qh7+ Kd8 38. Qg8+ Kc7 39. Qxd5 Kb8 40. Nc2 b3 41. Qxb3 Rd8 42. Ne3 Bc5+ 43. Nd5 Qxe4 44. Re1 Rxd5+ 45. Kc1 Qd4 46. Kb1 Ka7 47. Ka1 Ba4 48. Qg3 Rd7 49. Qe5 Qf2 50. Rhf1 Qd4 51. Qxd4 Bxd4 52. Rf4 g3 53. Ree4 Bxb2+ 54. Kxb2 Bb5 55. Rd4 Re7 56. Rd2 Bc6 57. h5 1-0

[Event "SVK-chT 1920"]
[Site "Slovakia"]
[Date "2020.09.06"]
[Round "11.2"]
[White "Matuszewski, Michal"]
[Black "Balogh, Csaba"]
[Result "1/2-1/2"]
[WhiteElo "2524"]
[BlackElo "2591"]
[PlyCount "68"]
[EventDate "2019.10.19"]
[EventType "team-tourn"]
[EventRounds "11"]
[EventCountry "SVK"]
[SourceTitle "EXT 2021"]
[Source "ChessBase"]
[SourceDate "2020.10.23"]
[SourceVersion "1"]
[SourceVersionDate "2020.10.23"]
[SourceQuality "1"]
[WhiteTeam "Prakovce"]
[BlackTeam "Modra"]
[WhiteTeamCountry "SVK"]
[BlackTeamCountry "SVK"]

1. d4 Nf6 2. Bg5 d5 3. Nd2 c5 4. Bxf6 gxf6 5. dxc5 Na6 6. e4 Nxc5 7. Qh5 Qb6 8. 0-0-0 f5 9. exd5 Bh6 10. Kb1 Bxd2 11. Rxd2 Ne4 12. Nf3 Nxd2+ 13. Nxd2 Bd7 14. Qf3 Qb4 15. c3 Qg4 16. Bd3 Qxf3 17. Nxf3 Rg8 18. g3 e6 19. Re1 0-0-0 20. Ne5 Rg7 21. Kc2 exd5 22. Nxd7 Kxd7 23. Bxf5+ Kd6 24. h4 h6 25. Re3 Rgg8 26. Rf3 Ke7 27. Kd3 Rd6 28. Kd4 Ra6 29. a3 Rb6 30. b4 Ra6 31. Re3+ Kf6 32. Rf3 Ke7 33. Re3+ Kf6 34. Rf3 Ke7 1/2-1/2

[Event "POL-chT Ekstraliga"]
[Site "Warsaw"]
[Date "2020.09.03"]
[Round "9.3"]
[White "Klekowski, Maciej"]
[Black "Matuszewski, Michal"]
[Result "1-0"]
[WhiteElo "2511"]
[BlackElo "2508"]
[PlyCount "131"]
[EventDate "2020.08.26"]
[EventType "team-tourn"]
[EventRounds "9"]
[EventCountry "POL"]
[SourceTitle "CBM 198 Extra"]
[Source "ChessBase"]
[SourceDate "2020.11.30"]
[SourceVersion "1"]
[SourceVersionDate "2020.11.30"]
[SourceQuality "1"]
[WhiteTeam "Podlesie UKS 21"]
[BlackTeam "Krakow Dwie Wieze"]
[WhiteTeamCountry "POL"]
[BlackTeamCountry "POL"]

1. e4 c5 2. Nf3 e6 3. d4 cxd4 4. Nxd4 a6 5. Bd3 Qc7 6. c4 Nc6 7. Nxc6 dxc6 8. 0-0 Nf6 9. f4 e5 10. f5 Bc5+ 11. Kh1 Bd7 12. Qe2 Bd4 13. Nd2 c5 14. Nf3 a5 15. Nxd4 cxd4 16. b4 axb4 17. Bd2 Ra4 18. Rfb1 0-0 19. g4 Bc6 20. Bxb4 Rd8 21. g5 Nd7 22. a3 g6 23. Rf1 Nf8 24. Kg1 Re8 25. c5 gxf5 26. Rxf5 Ne6 27. Bc4 Nf4 28. Qf3 Re7 29. Rf6 Qd7 30. h4 d3 31. Rd6 Qh3 32. Qxh3 Nxh3+ 33. Kg2 Nf4+ 34. Kf3 Rd7 35. Rd1 Rxd6 36. cxd6 Ra8 37. Bxd3 Nxd3 38. Rxd3 f5 39. Rc3 fxe4+ 40. Ke3 Kf7 41. Rc2 Kg6 42. a4 Kf5 43. a5 Ke6 44. Rf2 Rd8 45. h5 Rd7 46. h6 Rf7 47. g6 hxg6 48. Rh2 Rf3+ 49. Ke2 Bb5+ 50. Kd1 Rf8 51. Bd2 Rf1+ 52. Kc2 Bd3+ 53. Kc3 Rf8 54. Be3 Rc8+ 55. Kb4 Kxd6 56. Rg2 Kd5 57. Rxg6 Rh8 58. Rf6 Rh7 59. Rg6 Rh8 60. Rg7 Kc6 61. Re7 Bc2 62. Rxe5 Bb1 63. Re7 Bd3 64. h7 Rd8 65. Kc3 Kd5 66. Rd7+ 1-0

[Event "SVK-chT 1920"]
[Site "Slovakia"]
[Date "2020.03.01"]
[Round "8.3"]
[White "Aczel, Gergely"]
[Black "Matuszewski, Michal"]
[Result "1/2-1/2"]
[WhiteElo "2515"]
[BlackElo "2524"]
[PlyCount "108"]
[EventDate "2019.10.19"]
[EventType "team-tourn"]
[EventRounds "11"]
[EventCountry "SVK"]
[SourceTitle "CBM 195 Extra"]
[Source "ChessBase"]
[SourceDate "2020.05.31"]
[SourceVersion "1"]
[SourceVersionDate "2020.05.31"]
[SourceQuality "1"]
[WhiteTeam "Podhajska Aquamarin"]
[BlackTeam "Prakovce"]
[WhiteTeamCountry "SVK"]
[BlackTeamCountry "SVK"]

1. d4 d5 2. c4 c6 3. cxd5 cxd5 4. Bf4 Nc6 5. e3 Nf6 6. Nc3 a6 7. Bd3 Bg4 8. Nge2 e6 9. Rc1 Bd6 10. f3 Bh5 11. Na4 Bg6 12. 0-0 0-0 13. Nc5 Bxc5 14. dxc5 Re8 15. Bd6 e5 16. f4 Ng4 17. Bxg6 hxg6 18. Qd2 exf4 19. Nxf4 Nxe3 20. Nxd5 Nxf1 21. Rxf1 Rc8 22. Nb6 Rc7 23. Qd5 Rd7 24. Nxd7 Qxd7 25. a3 Re5 26. Qf3 Rf5 27. Qe4 Rxf1+ 28. Kxf1 Nd8 29. b4 g5 30. h3 f6 31. Qd5+ Qf7 32. Qe4 Qd7 33. Kg1 Kf7 34. Kh2 Qe6 35. Qf3 Kg6 36. Qd3+ Qf5 37. Qc4 Qe6 38. Qc2+ Qf5 39. Qc4 Qe6 40. Qc2+ Qf5 41. Qc3 Qe4 42. a4 Qe2 43. Qb3 Ne6 44. Qd5 Nd8 45. Qb3 Ne6 46. Qd5 Nd8 47. Qg8 Nf7 48. Qb8 Nxd6 49. Qxd6 Qc4 50. Qb8 Qd5 51. Qc7 Kf5 52. Qc8+ Ke4 53. b5 Qe5+ 54. Kh1 Qa1+ 1/2-1/2

[Event "SVK-chT 1920"]
[Site "Slovakia"]
[Date "2019.11.24"]
[Round "4.5"]
[White "Matuszewski, Michal"]
[Black "Sahidi, Samir"]
[Result "0-1"]
[WhiteElo "2524"]
[BlackElo "2377"]
[PlyCount "86"]
[EventDate "2019.10.19"]
[EventType "team-tourn"]
[EventRounds "11"]
[EventCountry "SVK"]
[SourceTitle "CBM 193 Extra"]
[Source "ChessBase"]
[SourceDate "2020.01.31"]
[SourceVersion "1"]
[SourceVersionDate "2020.01.31"]
[SourceQuality "1"]
[WhiteTeam "Prakovce"]
[BlackTeam "Bratislava KSN"]
[WhiteTeamCountry "SVK"]
[BlackTeamCountry "SVK"]

1. d4 Nf6 2. Bg5 e6 3. e4 h6 4. Bxf6 Qxf6 5. c3 d6 6. Bd3 e5 7. Ne2 g6 8. 0-0 Bg7 9. f4 Qe7 10. Nd2 Nd7 11. Qb3 0-0 12. a4 Kh7 13. Nc4 Nb6 14. Ne3 a5 15. Rf3 Bd7 16. Qc2 c5 17. dxe5 dxe5 18. f5 Rad8 19. b3 Bc6 20. c4 Rd6 21. Nc3 Rd4 22. Raf1 Qd6 23. Ncd5 Nd7 24. f6 Bh8 25. Ng4 Bxd5 26. Rh3 Nxf6 27. Nxh6 Nh5 28. Rxh5 gxh5 29. Nf5 Qg6 30. exd5 Rxd3 31. Qxd3 Rg8 32. Qe4 b6 33. d6 Bf6 34. Ng3 Kg7 35. Qf5 Qxf5 36. Rxf5 Kg6 37. Rf3 Rd8 38. Rd3 Bh4 39. Kf2 Kf6 40. Kf3 Bxg3 41. Kxg3 Ke6 42. Kh4 e4 43. Re3 Ke5 0-1

[Event "POL-chT"]
[Site "Poland"]
[Date "2018.10.27"]
[Round "8.2"]
[White "Matuszewski, Michal"]
[Black "Ponizil, Cyril"]
[Result "1-0"]
[WhiteElo "2505"]
[BlackElo "2493"]
[PlyCount "51"]
[EventDate "2018.06.08"]
[EventType "team-tourn"]
[EventRounds "9"]
[EventCountry "POL"]
[SourceTitle "CBM 187 Extra"]
[Source "ChessBase"]
[SourceDate "2018.11.04"]
[SourceVersion "1"]
[SourceVersionDate "2018.11.04"]
[SourceQuality "1"]
[WhiteTeam "Krakow Wisla"]
[BlackTeam "Czestochowa Hetman"]
[WhiteTeamCountry "POL"]
[BlackTeamCountry "POL"]

1. d4 Nf6 2. Bg5 e6 3. e4 h6 4. Bxf6 Qxf6 5. c3 d6 6. Bd3 e5 7. Ne2 g6 8. 0-0 Bg7 9. f4 Qe7 10. Nd2 Nd7 11. Nf3 0-0 12. Qe1 b6 13. f5 exd4 14. cxd4 c5 15. Nf4 g5 16. Nd5 Qd8 17. Qg3 Bb7 18. h4 gxh4 19. Qxd6 Bxd5 20. Qxd5 cxd4 21. Rae1 Nc5 22. Qc4 Bf6 23. e5 Bg5 24. f6 Kh8 25. Nxg5 hxg5 26. Qc1 1-0

[Event "POL-chT"]
[Site "Poland"]
[Date "2018.06.10"]
[Round "3.5"]
[White "Krasenkow, Michal"]
[Black "Matuszewski, Michal"]
[Result "1/2-1/2"]
[WhiteElo "2631"]
[BlackElo "2505"]
[PlyCount "97"]
[EventDate "2018.06.08"]
[EventType "team-tourn"]
[EventRounds "9"]
[EventCountry "POL"]
[SourceTitle "CBM 184 Extra"]
[Source "ChessBase"]
[SourceDate "2018.06.28"]
[SourceVersion "1"]
[SourceVersionDate "2018.06.28"]
[SourceQuality "1"]
[WhiteTeam "Gorzow Wielkopolski Stilon"]
[BlackTeam "Krakow Wisla"]
[WhiteTeamCountry "POL"]
[BlackTeamCountry "POL"]

1. Nf3 c5 2. c4 Nc6 3. d4 cxd4 4. Nxd4 Nf6 5. Nc3 g6 6. e4 d6 7. Be2 Bg7 8. Be3 0-0 9. 0-0 Bd7 10. f4 Nxd4 11. Bxd4 Bc6 12. Bf3 Nd7 13. Bxg7 Kxg7 14. Kh1 Qb6 15. Qe2 f6 16. Nd5 Bxd5 17. exd5 Rfe8 18. b3 a5 19. Qb2 Nc5 20. Rab1 Nd3 21. Qd2 Nc5 22. Qb2 Nd3 23. Qe2 Nxf4 24. Qe4 e5 25. dxe6 Nxe6 26. Qxb7+ Qxb7 27. Bxb7 Ra7 28. Bc6 Rc8 29. Bd5 Nc5 30. a3 Re7 31. b4 axb4 32. axb4 Na4 33. Rbe1 Rxe1 34. Rxe1 Nc3 35. Re7+ Kh6 36. Be6 Rb8 37. h4 Rxb4 38. Bg8 Kh5 39. Rxh7+ Kg4 40. Kh2 Ne2 41. Bd5 Nf4 42. Bf3+ Kf5 43. Re7 Rb2 44. Re1 g5 45. Be4+ Kg4 46. hxg5 Kxg5 47. Rd1 Rb6 48. Ra1 Ng6 49. Bxg6 1/2-1/2

[Event "POL-chT"]
[Site "Poland"]
[Date "2018.06.08"]
[Round "1.5"]
[White "Matuszewski, Michal"]
[Black "Brodowski, Piotr"]
[Result "1-0"]
[WhiteElo "2505"]
[BlackElo "2437"]
[PlyCount "47"]
[EventDate "2018.06.08"]
[EventType "team-tourn"]
[EventRounds "9"]
[EventCountry "POL"]
[SourceTitle "CBM 184 Extra"]
[Source "ChessBase"]
[SourceDate "2018.06.28"]
[SourceVersion "1"]
[SourceVersionDate "2018.06.28"]
[SourceQuality "1"]
[WhiteTeam "Krakow Wisla"]
[BlackTeam "Wisznia Mala"]
[WhiteTeamCountry "POL"]
[BlackTeamCountry "POL"]

1. d4 Nf6 2. Bg5 c5 3. dxc5 Na6 4. Bxf6 gxf6 5. e4 Nxc5 6. Nc3 Bg7 7. Nge2 d6 8. Ng3 f5 9. exf5 h5 10. Be2 Qa5 11. 0-0 h4 12. Nh5 Bxc3 13. bxc3 Qxc3 14. f6 Be6 15. Bb5+ Bd7 16. Re1 Bxb5 17. Qxd6 0-0 18. fxe7 Rfe8 19. Rab1 Ne6 20. Rxe6 fxe6 21. Qxe6+ Kh7 22. Qf7+ Kh6 23. Nf6 Qxc2 24. Ng4+ 1-0

[Event "POL-ch Academic"]
[Site "Katowice"]
[Date "2018.02.03"]
[Round "8"]
[White "Paszewski, Mateusz"]
[Black "Matuszewski, Michal"]
[Result "1/2-1/2"]
[WhiteElo "2289"]
[BlackElo "2505"]
[PlyCount "53"]
[EventDate "2018.02.02"]
[EventType "swiss (rapid)"]
[EventRounds "9"]
[EventCountry "POL"]
[SourceTitle "CBM 182 Extra"]
[Source "ChessBase"]
[SourceDate "2018.02.23"]
[SourceVersion "1"]
[SourceVersionDate "2018.02.23"]
[SourceQuality "1"]

1. c4 c6 2. Nf3 d5 3. e3 Nf6 4. Nc3 a6 5. Qc2 g6 6. d4 b5 7. b3 Bf5 8. Bd3 Bxd3 9. Qxd3 Nbd7 10. 0-0 Bg7 11. Bb2 0-0 12. Rac1 Rc8 13. Rc2 Qb6 14. Rfc1 Qb8 15. cxd5 cxd5 16. Ne2 e6 17. Ba3 Rxc2 18. Qxc2 b4 19. Bb2 Rd8 20. Nf4 Nb6 21. Qc7 Qxc7 22. Rxc7 Rc8 23. Rxc8+ Nxc8 24. Nd3 Bf8 25. Nfe5 Na7 26. f3 Ne8 27. Kf2 1/2-1/2

[Event "POL-ch Academic"]
[Site "Katowice"]
[Date "2018.02.02"]
[Round "3"]
[White "Matuszewski, Michal"]
[Black "Parol, Pawel"]
[Result "1-0"]
[WhiteElo "2505"]
[BlackElo "2122"]
[PlyCount "63"]
[EventDate "2018.02.02"]
[EventType "swiss (rapid)"]
[EventRounds "9"]
[EventCountry "POL"]
[SourceTitle "CBM 182 Extra"]
[Source "ChessBase"]
[SourceDate "2018.02.23"]
[SourceVersion "1"]
[SourceVersionDate "2018.02.23"]
[SourceQuality "1"]

1. d4 d5 2. Bg5 Bf5 3. e3 Qd7 4. Nd2 e6 5. Ngf3 f6 6. Bf4 Bd6 7. Nh4 Ne7 8. Nxf5 Nxf5 9. c3 c5 10. Bxd6 Qxd6 11. e4 Ne7 12. dxc5 Qxc5 13. Qh5+ g6 14. Qh6 dxe4 15. Qg7 Rg8 16. Qxf6 e3 17. Ne4 exf2+ 18. Qxf2 Qe5 19. Bd3 Nbc6 20. 0-0-0 0-0-0 21. Bc2 Rgf8 22. Rxd8+ Rxd8 23. Re1 Qxh2 24. Kb1 Nf5 25. Bb3 Kb8 26. Bxe6 Qh4 27. g3 Qg4 28. Bxf5 gxf5 29. Nc5 Rd1+ 30. Kc2 Rxe1 31. Qxe1 Qxg3 32. Qxg3+ 1-0

[Event "POL-chT"]
[Site "Poland"]
[Date "2017.11.24"]
[Round "7.2"]
[White "Kempinski, Robert"]
[Black "Matuszewski, Michal"]
[Result "0-1"]
[WhiteElo "2586"]
[BlackElo "2485"]
[PlyCount "192"]
[EventDate "2017.05.05"]
[EventType "team-tourn"]
[EventRounds "9"]
[EventCountry "POL"]
[SourceTitle "EXT 2019"]
[Source "ChessBase"]
[SourceDate "2018.10.10"]
[SourceVersion "1"]
[SourceVersionDate "2018.10.10"]
[SourceQuality "1"]
[WhiteTeam "Legnica Miedz"]
[BlackTeam "Krakow Wisla"]
[WhiteTeamCountry "POL"]
[BlackTeamCountry "POL"]

1. c4 c6 2. e4 d5 3. exd5 cxd5 4. cxd5 Nf6 5. Qa4+ Nbd7 6. Nc3 g6 7. Bc4 Bg7 8. d3 0-0 9. Nf3 a6 10. Qa3 Nb6 11. Qb3 Bg4 12. Ne5 Qc7 13. Be3 Nxc4 14. Nxc4 Bf5 15. Bb6 Qd7 16. Ne5 Qd6 17. Nc4 Qd7 18. Ne3 Rfe8 19. 0-0 Bxd3 20. Rfd1 Bf5 21. Na4 Rac8 22. Bd4 Rcd8 23. Nc5 Qc7 24. Qxb7 Nxd5 25. Nxf5 gxf5 26. Qxc7 Nxc7 27. Bxg7 Kxg7 28. Kf1 a5 29. Nb3 Rxd1+ 30. Rxd1 Rb8 31. Rd4 Ne6 32. Rc4 Kf6 33. f4 Ra8 34. Nc1 h5 35. Nd3 h4 36. Ke2 a4 37. Kd2 a3 38. b4 Rg8 39. Ne1 Rd8+ 40. Ke3 Rd1 41. Nc2 Rg1 42. Kf2 Rd1 43. Ke2 Rg1 44. Ne3 Rb1 45. Nd5+ Kg7 46. Nc3 Rb2+ 47. Kf3 Rc2 48. b5 Nd4+ 49. Rxd4 Rxc3+ 50. Ke2 Rc2+ 51. Kf3 Rxa2 52. Ra4 Ra1 53. b6 a2 54. b7 Rb1 55. Rxa2 Rb3+ 56. Kf2 Rxb7 57. h3 Rb4 58. Kf3 f6 59. Ra7 Kf7 60. Ra5 Kg6 61. Rc5 Re4 62. Rc6 Rd4 63. Ra6 Rb4 64. Ra5 Rb3+ 65. Kf2 Rb8 66. Kf3 e6 67. Ra6 Re8 68. Rb6 Re7 69. Ra6 Kg7 70. Ra4 Rd7 71. Rb4 Kf7 72. Ra4 Ke7 73. Ke3 Rc7 74. Rd4 Rc1 75. Kf2 Rc3 76. Ke2 Rc2+ 77. Kf3 Ra2 78. Rb4 Kd6 79. Rb6+ Kd5 80. Rb5+ Kc6 81. Rb8 e5 82. Rf8 Kd5 83. Rxf6 e4+ 84. Ke3 Ra3+ 85. Kf2 Rc3 86. Rxf5+ Kd4 87. Rf8 Rc2+ 88. Kf1 Ke3 89. Kg1 Rc1+ 90. Kh2 Kf2 91. f5 e3 92. f6 e2 93. Re8 e1Q 94. Rxe1 Kxe1 95. g4 Rc2+ 96. Kh1 Rf2 0-1

[Event "POL-chT"]
[Site "Poland"]
[Date "2017.05.05"]
[Round "1.2"]
[White "Markowski, Tomasz"]
[Black "Matuszewski, Michal"]
[Result "1-0"]
[WhiteElo "2556"]
[BlackElo "2485"]
[PlyCount "81"]
[EventDate "2017.05.05"]
[EventType "team-tourn"]
[EventRounds "9"]
[EventCountry "POL"]
[SourceTitle "CBM 178 Extra"]
[Source "ChessBase"]
[SourceDate "2017.06.22"]
[SourceVersion "1"]
[SourceVersionDate "2017.06.22"]
[SourceQuality "1"]
[WhiteTeam "Gliwice Akademia Szachowa"]
[BlackTeam "Krakow Wisla"]
[WhiteTeamCountry "POL"]
[BlackTeamCountry "POL"]

1. d4 d5 2. Nf3 Nf6 3. c4 c6 4. cxd5 cxd5 5. Nc3 Nc6 6. Bf4 a6 7. Rc1 Bf5 8. e3 Rc8 9. Be2 e6 10. 0-0 Bd6 11. Bxd6 Qxd6 12. a3 0-0 13. h3 h6 14. Na4 Rc7 15. Nd2 Rfc8 16. Nb6 Rd8 17. Qb3 e5 18. dxe5 Qxe5 19. Nf3 Qe7 20. Rfe1 d4 21. exd4 Nxd4 22. Nxd4 Rxd4 23. Bc4 Qd8 24. a4 Ne4 25. Qf3 Bg6 26. Qe3 Kh7 27. a5 Rc5 28. b4 Rf5 29. f3 Nd2 30. Kh1 Qh4 31. Be2 Rg5 32. Red1 Bf5 33. Rxd2 Bxh3 34. Qxd4 Bxg2+ 35. Kg1 Bxf3+ 36. Kf1 Qh1+ 37. Kf2 Qh2+ 38. Ke1 Re5 39. Qf2 Qh3 40. Nc4 Re4 41. Rc3 1-0

[Event "Krakow op-A 27th"]
[Site "Krakow"]
[Date "2017.01.03"]
[Round "8"]
[White "Matuszewski, Michal"]
[Black "Selbes, Tarik"]
[Result "1-0"]
[WhiteElo "2480"]
[BlackElo "2257"]
[PlyCount "37"]
[EventDate "2016.12.27"]
[EventType "swiss"]
[EventRounds "9"]
[EventCountry "POL"]
[SourceTitle "CBM 176 Extra"]
[Source "ChessBase"]
[SourceDate "2017.03.02"]
[SourceVersion "1"]
[SourceVersionDate "2017.03.02"]
[SourceQuality "1"]

1. d4 Nf6 2. Bg5 c5 3. dxc5 Na6 4. Nc3 Nxc5 5. Bxf6 gxf6 6. e4 h5 7. Nge2 Bh6 8. Nd4 d6 9. b4 Na6 10. Bxa6 bxa6 11. 0-0 Bg4 12. Qd3 Rc8 13. Nf5 Qc7 14. Nd5 Qxc2 15. Qxa6 Bxf5 16. exf5 Qxf5 17. Rae1 Rg8 18. g3 Bf4 19. Nxe7 1-0

[Event "Krakow op-A 27th"]
[Site "Krakow"]
[Date "2016.12.29"]
[Round "3"]
[White "Dubinski, Mateusz"]
[Black "Matuszewski, Michal"]
[Result "0-1"]
[WhiteElo "2283"]
[BlackElo "2480"]
[PlyCount "74"]
[EventDate "2016.12.27"]
[EventType "swiss"]
[EventRounds "9"]
[EventCountry "POL"]
[SourceTitle "CBM 176 Extra"]
[Source "ChessBase"]
[SourceDate "2017.03.02"]
[SourceVersion "1"]
[SourceVersionDate "2017.03.02"]
[SourceQuality "1"]

1. d4 d5 2. c4 e6 3. Nc3 c6 4. Nf3 dxc4 5. a4 Bb4 6. e4 b5 7. Bd2 Bxc3 8. bxc3 Ne7 9. Qb1 a6 10. h4 Nd7 11. h5 h6 12. Bf4 f5 13. Rh3 fxe4 14. Qxe4 e5 15. Bxe5 Nxe5 16. Nxe5 Bxh3 17. gxh3 0-0 18. Bg2 Qa5 19. Rc1 Rae8 20. Qg4 Rf6 21. Kf1 Qxa4 22. Qd7 Qa3 23. Re1 Ref8 24. Ng4 R6f7 25. Kg1 Nf5 26. Qxc6 Qxc3 27. Rf1 Nxd4 28. Qg6 Kh8 29. Be4 Nf3+ 30. Kh1 Ng5 31. Bg2 Nxh3 32. Nxh6 gxh6 33. Qxh6+ Kg8 34. Bd5 Qg7 35. Qe3 Kh8 36. Bxf7 Qxf7 37. Qxh3 Qf3+ 0-1

[Event "Krakow op-A 27th"]
[Site "Krakow"]
[Date "2016.12.29"]
[Round "4"]
[White "Matuszewski, Michal"]
[Black "Mroziak, Maciej"]
[Result "1/2-1/2"]
[WhiteElo "2480"]
[BlackElo "2359"]
[PlyCount "71"]
[EventDate "2016.12.27"]
[EventType "swiss"]
[EventRounds "9"]
[EventCountry "POL"]
[SourceTitle "CBM 176 Extra"]
[Source "ChessBase"]
[SourceDate "2017.03.02"]
[SourceVersion "1"]
[SourceVersionDate "2017.03.02"]
[SourceQuality "1"]

1. Nf3 d5 2. d4 g6 3. h4 Nf6 4. Bg5 Bg7 5. Nbd2 Bf5 6. c4 c6 7. e3 0-0 8. Qb3 Qb6 9. h5 Re8 10. Be2 Ne4 11. Bf4 Nxd2 12. Nxd2 dxc4 13. Nxc4 Qxb3 14. axb3 Na6 15. Ra4 c5 16. hxg6 hxg6 17. Bf3 Nb4 18. Bxb7 Rad8 19. 0-0 Nd5 20. Bg3 cxd4 21. exd4 Bxd4 22. Nd6 exd6 23. Rxd4 Nf6 24. Bc6 Re6 25. Rfd1 d5 26. Ba4 Kg7 27. Bh4 Re5 28. f3 Re2 29. Rf4 Rd6 30. g4 Bc8 31. Bf2 g5 32. Rc4 Bd7 33. Rc7 Bxa4 34. bxa4 Rxb2 35. Rxa7 Ra2 36. Bd4 1/2-1/2

[Event "Krakow op-A 27th"]
[Site "Krakow"]
[Date "2016.12.28"]
[Round "2"]
[White "Matuszewski, Michal"]
[Black "Dzierzak, Radoslaw"]
[Result "1-0"]
[WhiteElo "2480"]
[BlackElo "2230"]
[PlyCount "87"]
[EventDate "2016.12.27"]
[EventType "swiss"]
[EventRounds "9"]
[EventCountry "POL"]
[SourceTitle "CBM 176 Extra"]
[Source "ChessBase"]
[SourceDate "2017.03.02"]
[SourceVersion "1"]
[SourceVersionDate "2017.03.02"]
[SourceQuality "1"]

1. d4 Nf6 2. Bg5 e6 3. e4 h6 4. Bxf6 Qxf6 5. c3 d6 6. Bd3 Qd8 7. Ne2 Nd7 8. 0-0 Be7 9. a4 a5 10. f4 0-0 11. Na3 b6 12. Qb3 Bb7 13. Rae1 c5 14. Bb1 Rc8 15. Nb5 e5 16. Ng3 g6 17. f5 c4 18. Qd1 h5 19. Ba2 Kg7 20. Qe2 Nf6 21. Rd1 Qe8 22. Bxc4 h4 23. Bxf7 Qxf7 24. fxg6 Kxg6 25. Rxf6+ Qxf6 26. Qh5+ Kg7 27. Nf5+ Kg8 28. dxe5 dxe5 29. Rd7 Rf7 30. Nbd6 Bc6 31. Rxe7 Rxe7 32. Nxe7+ Qxe7 33. Qg6+ Qg7 34. Qe6+ Kh7 35. Qxc8 Bd7 36. Qd8 h3 37. Qh4+ Kg8 38. Qg3 hxg2 39. Kxg2 Bxa4 40. Qxg7+ Kxg7 41. Nc4 Kf6 42. Nxb6 Bb3 43. Nd7+ Kg5 44. Kf3 1-0

[Event "POL-chT"]
[Site "Poland"]
[Date "2016.10.08"]
[Round "8.2"]
[White "Matuszewski, Michal"]
[Black "Olszewski, Michal"]
[Result "1/2-1/2"]
[WhiteElo "2468"]
[BlackElo "2548"]
[PlyCount "72"]
[EventDate "2016.06.24"]
[EventType "team-tourn"]
[EventRounds "9"]
[EventCountry "POL"]
[SourceTitle "EXT 2017"]
[Source "ChessBase"]
[SourceDate "2016.10.25"]
[SourceVersion "1"]
[SourceVersionDate "2016.10.25"]
[SourceQuality "1"]
[WhiteTeam "Krakow Wisla"]
[BlackTeam "Gliwice Akademia Szachowa"]
[WhiteTeamCountry "POL"]
[BlackTeamCountry "POL"]

1. d4 Nf6 2. Bg5 e6 3. e4 h6 4. Bxf6 Qxf6 5. Nf3 c5 6. c3 Nc6 7. d5 Ne5 8. Be2 Nxf3+ 9. Bxf3 d6 10. 0-0 Be7 11. Nd2 0-0 12. Re1 Rd8 13. a4 Bf8 14. Nc4 exd5 15. Qxd5 Be6 16. Qd3 Qg6 17. Rad1 Rab8 18. g3 f6 19. Ne3 Qe8 20. Nd5 Rdc8 21. b4 cxb4 22. cxb4 Qxa4 23. e5 Qc2 24. Qxc2 Rxc2 25. exd6 Bf7 26. Ne3 Rb2 27. Rd4 Rd8 28. Nf5 g6 29. Ne7+ Kg7 30. Bxb7 a5 31. Bc6 Rxb4 32. Rxb4 axb4 33. d7 Bxe7 34. Rxe7 Kf8 35. Re4 b3 36. Rb4 Ke7 1/2-1/2

[Event "POL-chT"]
[Site "Poland"]
[Date "2016.06.24"]
[Round "1.2"]
[White "Matuszewski, Michal"]
[Black "Sliwerski, Radoslaw"]
[Result "1-0"]
[WhiteElo "2468"]
[BlackElo "2089"]
[PlyCount "45"]
[EventDate "2016.06.24"]
[EventType "team-tourn"]
[EventRounds "9"]
[EventCountry "POL"]
[SourceTitle "CBM 173 Extra"]
[Source "ChessBase"]
[SourceDate "2016.08.29"]
[SourceVersion "1"]
[SourceVersionDate "2016.08.29"]
[SourceQuality "1"]
[WhiteTeam "Krakow Wisla"]
[BlackTeam "Miedzyborow Wrzos"]
[WhiteTeamCountry "POL"]
[BlackTeamCountry "POL"]

1. d4 Nf6 2. Bg5 e6 3. e4 h6 4. Bxf6 Qxf6 5. c3 d6 6. Bd3 e5 7. Ne2 g6 8. 0-0 Bg7 9. f4 Qe7 10. Qb3 0-0 11. Nd2 c5 12. fxe5 cxd4 13. cxd4 dxe5 14. d5 Nd7 15. Rac1 Kh8 16. Rc7 Qd6 17. Qc2 f5 18. exf5 gxf5 19. Bxf5 Qxd5 20. Bh3 Rd8 21. Ne4 Nb6 22. Rxg7 Bxh3 23. Nf6 1-0